000
00293nam a2200121Ia 4500
100
_a
Gaus H.J
942
_c
BK
654
_a
Three phase power & its measurement
245
_a
Three Phase Power & its Measurement
260
_b
Wiley eastern
_a
New Delhi
_c
1978
546
_a
ENGLISH
999
_c
26114
_d
26114